| 000 | 00498nam a22001937a 4500 | ||
|---|---|---|---|
| 003 | MPLRDC | ||
| 005 | 20220104142741.0 | ||
| 008 | 210129b ||||| |||| 00| 0 eng d | ||
| 020 | _a957-8300-43-3 | ||
| 082 | _a225.5 ZYFS v.9 c.2 | ||
| 100 | _a证严法师 | ||
| 245 |
_a静思语 (第一集) _c |
||
| 250 | _a再版33刷 | ||
| 260 |
_a台湾 _b慈济文化出版社 _c2000 |
||
| 300 | _b347 | ||
| 490 | _a静思文化 | ||
| 650 | _a佛教教化法, 教育 | ||
| 942 |
_cBK _o225.5 ZYFS v.9 c.2 |
||
| 999 |
_c33418 _d33408 |
||